00475nam a2200157Ia 450000500170000000800410001704000190005804100120007708200160008924500840010526000320018930000110022165000440023270000310027685000100030720221220100045.0131103s9999 xx 000 0 und d aLoreto College aEnglish a822.08bGOL aMentor masterwork of modern dramab five plays cEdited by Richard H. Goldstone aNew YorkbMentor Bookc1969 a478p.  aEnglish drama - Collections - 1900-1999 aGoldstone, Richard H.; ed. aLCLIB